European Actors by Picture #1 - Statistics

General Stats
  • This quiz has been taken 75 times
  • The average score is 10 of 16
Answer Stats
Picture Answer % Correct
Cillian Murphy
88%
Daniel Radcliffe
88%
Liam Neeson
88%
Christian Bale
86%
Tom Hardy
72%
Christoph Waltz
67%
Javier Bardem
64%
Alan Rickman
61%
Jean-Claude Van Damme
59%
Jean Reno
55%
Charlie Chaplin
52%
Mads Mikkelsen
47%
Dolph Lundgren
45%
Stellan Skarsgård
44%
Alec Guinness
27%
Alain Delon
23%
No matching quizzes found
Score Distribution
Percent of People with Each Score
Percentile by Number Answered
Your Score History
You have not taken this quiz